Hodnotenie stratégie marketingovej komunikácie podniku diplomová práca

Enregistré dans:
Détails bibliographiques
Auteur principal: Angiová, Radoslava
Collectivité auteur: Fakulta podnikového manažmentu EU. Katedra podnikovohospodárska
Autres auteurs: Grančičová, Katarína, 1967-
Format: Livre
Langue:slovaque
Publié: Bratislava 2024
Tags: Ajouter un tag
Pas de tags, Soyez le premier à ajouter un tag!

MARC

LEADER 00000nbm a2200000 4500
001 0300900
005 20250207090327.9
041 0 |a slo 
044 |a SK 
245 1 0 |a Hodnotenie stratégie marketingovej komunikácie podniku  |b diplomová práca  |c Radoslava Angiová ; školiteľ: Katarína Grančičová 
264 1 |a Bratislava  |c 2024 
300 |a 74 s. 
100 1 |a Angiová, Radoslava 
700 1 |a Grančičová, Katarína, 1967- 
710 2 |a Fakulta podnikového manažmentu EU. Katedra podnikovohospodárska